[Event "Tourn. n9066"]
[Site "www.chess-mail.com"]
[Date "2017.01.22"]
[Round "1"]
[White "Greghghs"]
[Black "Aperturaf"]
[WhiteElo "2300"]
[BlackElo "2300"]
[Result "1/2-1/2"]
[Round "1"]
1.e4 e6
2.d4 d5
3.Nb1c3 Ng8f6
4.e5 Nf6d7
5.Nc3e2 c5
6.c3 Nb8c6
7.f4 Qd8b6
8.Ng1f3 Bf8e7
9.g3 O-O
10.Bf1h3 cxd4
11.cxd4 f6
12.Ne2c3 Kh8
13.O-O fxe5
14.Nc3a4 Qb6a5
15.fxe5 b5
16.Na4c3 b4
17.Nc3e2 Qa5b6
18.Kh1 Bc8a6
19.Bc1f4 Ra8e8
20.Ra1c1 Be7d8
21.Rf1e1 Nc6a5
22.b3 Rf8f7
23.Nf3g5 Bd8xg5
24.Bf4xg5 Na5c6
25.Bg5e3 Nc6xe5
26.Ne2f4 Ne5g6
27.Nf4xg6 hxg6
28.Bh3g2 Nd7f6
29.Kg1 Rf7c7
30.Rc1xc7 Qb6xc7
31.Qd1d2 Qc7a5
32.Be3f4 Qa5b6
33.Bf4e5 Nf6g4
34.Bg2h3 Ng4xe5
35.Re1xe5 Kh7
36.Bh3g4 Ba6c8
37.Kg2 Re8f8
38.Re5e1 Bc8d7
39.Qd2g5 Rf8f6
40.Qg5e3 Qb6a5
41.Qe3d2 Qa5a6
42.Kg1 Qa6b6
43.Qd2e3 a5
44.Re1c1 Qb6a6
45.Bg4h3 a4
46.bxa4 Qa6xa4
47.Qe3b3 Qa4b5
48.Rc1e1 Qb5a6
49.Bh3f1 Qa6b6
50.Qb3d1 Rf6f8
51.Qd1d2 Rf8a8
52.Kg2 Qb6c6
53.Re1e2 Qc6c3
54.Qd2f4 Bd7b5
55.Re2f2 Bb5xf1
56.Kxf1 Qc3d3
57.Kg2 Qd3f5
58.Qf4h4 Qf5h5
59.Qh4e7 Qh5g4
60.Qe7xb4 e5
61.Qb4b7 Qg4e4
62.Kg1 Ra8e8
63.Qb7d7 exd4
64.Rf2f7 Qe4e1
65.Kg2 Qe1e2
66.Kg1 Kh6
67.Qd7h3 Qe2h5
68.Qh3xh5 gxh5
{ draw }
1/2-1/2

[Event "Match"]
[Site "www.echecsemail.com"]
[Date "2017.01.22"]
[Round "1"]
[White "Paulsyd"]
[Black "Cal"]
[WhiteElo "1099"]
[BlackElo "1500"]
[Result "1-0"]
[Round "1"]
1.e4 e5
2.Ng1f3 d6
3.d4 exd4
4.Qd1xd4 Nb8c6
5.Bf1b5 Bc8d7
6.Bb5xc6 Bd7xc6
7.O-O h6
8.Nb1c3 Ng8f6
9.e5 Nf6h5
10.Rf1e1 Bf8e7
11.Qd4g4 a6
12.Qg4xh5 Bc6xf3
13.Qh5xf3 O-O
14.Re1d1 c6
15.exd6 Be7xd6
16.Bc1f4 Qd8b6
17.Bf4xd6 Rf8e8
18.b3 f6
19.Qf3f5 a5
20.Nc3e4 Qb6a6
21.Ne4xf6 gxf6
22.Qf5g6 Kh8
23.Bd6e5 fxe5
24.Rd1d7 Re8e7
25.Rd7xe7 { resign }
1-0

[Event "Match"]
[Site "www.echecsemail.com"]
[Date "2017.01.22"]
[Round "1"]
[White "Juodivarnai"]
[Black "Chapi"]
[WhiteElo "2120"]
[BlackElo "2080"]
[Result "1/2-1/2"]
[Round "1"]
1.e4 c5
2.Ng1f3 Nb8c6
3.Bf1b5 g6
4.O-O Bf8g7
5.c3 a6
6.Bb5xc6 bxc6
7.d4 Ng8f6
8.Rf1e1 O-O
9.dxc5 Qd8a5
10.e5 Nf6g4
11.h3 Ng4h6
12.Bc1e3 Nh6f5
13.Be3d4 Ra8b8
14.Qd1c2 Qa5b5
15.b3 a5
16.Nb1d2 Bc8a6
17.Nd2e4 Qb5d3
18.Qc2xd3 Ba6xd3
19.Ne4d2 Bg7h6
20.Nd2e4 Nf5xd4
21.cxd4 Rb8b4
22.Ra1d1 Bd3c2
23.Rd1a1 a4
24.bxa4 Rb4xa4
25.Ne4g3 Rf8a8
26.Re1e2 Ra4xa2
27.Ra1xa2 Ra8xa2
28.Nf3e1 Bc2b3
29.Re2xa2 Bb3xa2
30.Ne1d3 { draw }
1/2-1/2

[Event "Match"]
[Site "www.echecsemail.com"]
[Date "2017.01.22"]
[Round "1"]
[White "Krystek23"]
[Black "Pdebonis"]
[WhiteElo "2360"]
[BlackElo "1759"]
[Result "0-1"]
[Round "1"]
1.c4 Ng8f6
2.Nb1c3 e6
3.Ng1f3 c5
4.e3 d5
5.d4 Nb8c6
6.Bf1d3 dxc4
7.Bd3xc4 Bf8e7
8.O-O cxd4
9.Nf3xd4 Bc8d7
10.e4 O-O
11.Nd4f3 Qd8c7
12.Qd1e2 Nf6g4
13.h3 Nc6d4
14.Nf3xd4 Qc7h2
{ resign }
0-1

[Event "Match"]
[Site "www.echecsemail.com"]
[Date "2017.01.22"]
[Round "1"]
[White "Sonny1000"]
[Black "Manuelito"]
[WhiteElo "1320"]
[BlackElo "1660"]
[Result "0-1"]
[Round "1"]
1.e4 e5
2.Nb1c3 d6
3.Bf1b5 Bc8d7
4.Bb5xd7 Nb8xd7
5.Ng1f3 Ng8f6
6.a4 a5
7.Nf3g5 Bf8e7
8.Nc3b5 Nd7c5
9.d4 exd4
10.c4 Nf6xe4
11.Ng5xf7 Kxf7
12.Nb5xc7 Qd8xc7
13.Qd1xd4 Be7f6
14.Bc1f4 Bf6xd4
15.Ke2 Rh8e8
16.Bf4xd6 Ne4xd6
17.Kf1 Qc7e7
18.Ra1d1 Qe7e2
19.Kg1 Qe2xd1
{ resign }
0-1

[Event "Match"]
[Site "www.echecsemail.com"]
[Date "2017.01.22"]
[Round "1"]
[White "Romaamor69"]
[Black "Mdesouza"]
[WhiteElo "2380"]
[BlackElo "2410"]
[Result "1-0"]
[Round "1"]
1.d4 d5
2.Ng1f3 Ng8f6
3.c4 e6
4.g3 dxc4
5.Bf1g2 Bf8b4
6.Bc1d2 Bb4e7
7.Qd1a4 Bc8d7
8.Qa4xc4 Bd7c6
9.O-O Nb8d7
10.Nb1c3 O-O
11.Ra1c1 Ra8c8
12.Rf1e1 Nf6e4
13.Nc3xe4 Bc6xe4
14.Bd2b4 b6
15.Bb4xe7 Qd8xe7
16.Qc4a4 c5
17.dxc5 Be4xf3
18.Bg2xf3 Nd7xc5
19.Qa4c4 Nc5d7
20.Qc4xc8 Rf8xc8
21.Rc1xc8 Nd7f8
22.Re1d1 g6
23.Rd1d8 Qe7f6
24.Rd8xf8 Kg7
25.Rf8g8 Kh6
26.Rc8c7 Qf6xb2
27.Rc7xf7 Qb2xa2
28.h4 { resign }
1-0

[Event "Match"]
[Site "www.echecsemail.com"]
[Date "2017.01.22"]
[Round "1"]
[White "Canario"]
[Black "Yoj"]
[WhiteElo "1820"]
[BlackElo "1749"]
[Result "0-1"]
[Round "1"]
1.e4 c5
2.Ng1f3 g6
3.Bf1c4 Ng8f6
4.d3 Bf8g7
5.e5 Nf6g4
6.Bc1f4 Qd8b6
7.Bc4b3 O-O
8.O-O d6
9.exd6 Bg7xb2
10.dxe7 Rf8e8
11.Rf1e1 Bb2xa1
12.Nf3g5 c4
13.Bb3xc4 Qb6xf2
14.Kh1 Qf2xf4
15.Kg1 Qf4xh2
16.Kf1 Qh2h1
{ resign }
0-1

[Event "Match"]
[Site "www.echecsemail.com"]
[Date "2017.01.22"]
[Round "1"]
[White "Nearlythere"]
[Black "Ledzepp"]
[WhiteElo "1389"]
[BlackElo "1460"]
[Result "0-1"]
[Round "1"]
1.e4 e5
2.Ng1f3 Nb8c6
3.c3 Bf8c5
4.Bf1c4 Ng8f6
5.a4 Nf6xe4
6.d4 exd4
7.Nf3xd4 Qd8e7
8.Nd4f5 Qe7f6
9.g4 Ne4xf2
10.Qd1e2 Kd8
11.Kf1 Nf2xh1
12.Bc1f4 Nc6e7
13.Nf5xe7 Bc5xe7
14.Qe2f3 Be7c5
15.g5 Qf6b6
16.b4 Bc5d6
17.Bf4xd6 Qb6xd6
18.Qf3xh1 Qd6f4
19.Ke2 Qf4xc4
20.Kd2 Qc4f4
21.Kc2 Qf4xg5
22.Nb1d2 Rh8e8
23.Nd2e4 Qg5e5
24.Ne4c5 d6
25.Nc5xb7 Bc8xb7
26.Qh1xb7 Qe5xh2
27.Kb3 Kd7
28.Qb7b5 c6
29.Qb5b7 Ke6
30.Qb7xc6 Qh2g3
31.Qc6e4 Qg3e5
32.Qe4xh7 Qe5d5
33.c4 Qd5f3
34.Kb2 Qf3e2
35.Kb3 Ra8c8
36.Ra1c1 Re8h8
37.Qh7xg7 Rh8h3
38.Rc1c3 Qe2d1
39.Kb2 Rh3h2
40.Ka3 Qd1a1
41.Kb3 Qa1b2

0-1

[Event "Match"]
[Site "www.echecsemail.com"]
[Date "2017.01.22"]
[Round "1"]
[White "Bojan"]
[Black "Mitja"]
[WhiteElo "2000"]
[BlackElo "2030"]
[Result "1-0"]
[Round "1"]
1.e4 d5
2.exd5 Qd8xd5
3.Nb1c3 Qd5d8
4.Qd1f3 e6
5.Bf1d3 h6
6.b3 c6
7.Bc1b2 Ng8f6
8.Nc3e4 Nb8d7
9.Ng1e2 Nf6xe4
10.Bd3xe4 Nd7f6
11.Bb2xf6 gxf6
12.a3 f5
13.Be4d3 Qd8f6
14.c3 Bf8g7
15.O-O Bc8d7
16.Ne2f4 Qf6g5
17.Rf1e1 O-O
18.g3 a6
19.h4 Qg5f6
20.Nf4h5 Qf6g6
21.Nh5xg7 Kxg7
22.Kh2 Qg6f6
23.Re1g1 Rf8g8
24.Bd3c2 Kf8
25.d4 Ke7
26.Qf3f4 Ra8c8
27.Rg1e1 Rg8g4
28.Qf4xf5 Qf6xf5
29.Bc2xf5 Rg4g8
30.Re1e3 b5
31.Bf5d3 Kd6
32.c4 Ke7
33.c5 Rc8f8
34.a4 f5
35.f3 f4
36.Re3e4 fxg3
37.Kg2 Kd8
38.Re4g4 Rg8xg4
39.fxg4 Rf8g8
40.Kxg3 Ke7
41.Bd3e2 Bd7e8
42.Ra1g1 Be8g6
43.axb5 axb5
44.Be2f3 Kd7
45.b4 Bg6h5
46.Kf4 Rg8f8
47.Ke3 Bh5e8
48.g5 hxg5
49.hxg5 { resign }
1-0

[Event "1/2 Finale"]
[Site "www.chess-mail.com"]
[Date "2017.01.22"]
[Round "1"]
[White "Echo314"]
[Black "Conde7"]
[WhiteElo "2860"]
[BlackElo "2890"]
[Result "1/2-1/2"]
[Round "1"]
1.e4 c5
2.Ng1f3 d6
3.d4 cxd4
4.Nf3xd4 Ng8f6
5.Nb1c3 a6
6.Bc1e3 e5
7.Nd4b3 Bc8e6
8.f3 Bf8e7
9.Qd1d2 O-O
10.O-O-O Nb8d7
11.g4 b5
12.g5 b4
13.Nc3e2 Nf6e8
14.f4 a5
15.f5 a4
16.Nb3d4 exd4
17.Ne2xd4 b3
18.Kb1 bxc2
19.Nd4xc2 Be6b3
20.axb3 axb3
21.Nc2a3 Ne8c7
22.f6 gxf6
23.gxf6 Be7xf6
24.Be3h6 Rf8e8
25.Qd2xd6 Nd7e5
26.Bf1c4 Qd8xd6
27.Rd1xd6 Nc7e6
28.Bc4d5 Ra8b8
29.Na3c4 { draw }
1/2-1/2

[Event "1/128 Finale"]
[Site "www.chess-mail.com"]
[Date "2017.01.22"]
[Round "1"]
[White "7111"]
[Black "Pariolinius"]
[WhiteElo "1809"]
[BlackElo "1870"]
[Result "0-1"]
[Round "1"]
1.f4 Ng8f6
2.Ng1f3 d6
3.e3 g6
4.b3 Bf8g7
5.Bc1b2 O-O
6.Bf1e2 Nb8c6
7.O-O Bc8f5
8.Nb1c3 Nf6e4
 { time }
0-1

[Event "Fast Game"]
[Site "www.echecsemail.com"]
[Date "2017.01.22"]
[Round "1"]
[White "Traub"]
[Black "Balbyns"]
[WhiteElo "1670"]
[BlackElo "1599"]
[Result "0-1"]
[Round "1"]
1.d4 d5
2.c4 e6
3.Nb1c3 Ng8f6
4.e3 Bc8d7
5.a3 Bf8d6
6.b4 dxc4
7.Bf1xc4 O-O
8.Ng1e2 Rf8e8
9.Bc1b2 a6
10.f4 Bd7c6
11.O-O Nb8d7
12.Qd1c2 b5
13.Bc4d3 Nd7b6
14.e4 Bd6e7
15.h3 g6
16.e5 Nf6d5
17.Nc3xd5 Nb6xd5
18.Qc2xc6 Nd5e3
19.Rf1c1 Ra8a7
20.Qc6e4 Ne3f5
21.Rc1c6 Qd8a8
22.Ra1c1 Re8c8
23.g4 Nf5h4
24.d5 exd5
25.Qe4xd5 Rc8d8
26.Qd5e4 Ra7b7
27.Rc6xc7 Rb7xc7
28.Rc1xc7 Nh4f3
29.Kf2 Be7h4
30.Kxf3 Rd8xd3
31.Kg2 Qa8xe4
{ resign }
0-1

[Event "Tourn. n9146"]
[Site "www.chess-mail.com"]
[Date "2017.01.23"]
[Round "1"]
[White "Norlavuaram"]
[Black "Julian"]
[WhiteElo "2150"]
[BlackElo "2000"]
[Result "1-0"]
[Round "1"]
1.e4 g6
2.c4 Bf8g7
3.d4 d6
4.Nb1c3 Nb8d7
5.Ng1f3 c5
6.d5 Ng8f6
7.Bf1e2 O-O
8.O-O a6
9.Ra1b1 Ra8b8
10.a3 Rf8e8
11.b4 b6
12.Bc1d2 e6
13.bxc5 bxc5
14.Qd1c2 Rb8xb1
15.Rf1xb1 exd5
16.exd5 Nd7e5
17.Nf3xe5 Re8xe5
18.Be2f1 Bc8f5
19.Bf1d3 Bf5xd3
20.Qc2xd3 Re5h5
21.h3 h6
22.Bd2f4 g5
23.Bf4g3 g4
24.hxg4 Nf6xg4
25.Nc3e4 Ng4e5
26.Qd3e2 Rh5f5
27.Qe2c2 Ne5g4
28.Ne4xd6 Rf5xf2
29.Bg3xf2 Ng4xf2
30.Nd6f5 Nf2g4
31.Nf5xg7 Kxg7
32.Qc2c3 f6
33.Rb1b7 Kg6
34.Qc3d3 f5
35.Qd3e2 Qd8g5
36.Qe2e8 Kf6
37.Qe8e6 
1-0

[Event "Tourn. n9148"]
[Site "www.chess-mail.com"]
[Date "2017.01.23"]
[Round "1"]
[White "Actmy"]
[Black "Nulladies"]
[WhiteElo "1809"]
[BlackElo "1790"]
[Result "1-0"]
[Round "1"]
1.e4 c5
2.b3 Nb8c6
3.Bc1b2 d6
4.f4 e5
5.Nb1c3 Bf8e7
6.fxe5 dxe5
7.Bf1b5 Bc8d7
8.Ng1f3 a6
9.Bb5xc6 Bd7xc6
10.d3 Ng8h6
11.Nf3xe5 Qd8c7
12.Ne5xc6 Qc7xc6
13.Nc3d5 f6
14.Qd1h5 Nh6f7
15.Nd5xe7 Kxe7
16.O-O Nf7e5
17.Bb2xe5 Ra8f8
18.Be5c3 b5
19.e5 Kd7
20.Qh5f5 Qc6e6
21.Qf5f3 Qe6c6
22.Qf3g4 f5
23.Rf1xf5 Kc7
24.Qg4xg7 Kb6
25.Rf5xf8 { resign }
1-0

[Event "Tourn. n9147"]
[Site "www.chess-mail.com"]
[Date "2017.01.23"]
[Round "1"]
[White "Roque1"]
[Black "Pariolinius"]
[WhiteElo "1860"]
[BlackElo "1930"]
[Result "0-1"]
[Round "1"]
1.e4 c5
2.Ng1f3 d6
3.d4 cxd4
4.Nf3xd4 Ng8f6
5.Nb1c3 a6
6.Bf1e2 e6
7.Bc1g5 Bf8e7
8.Qd1d2 Bc8d7
9.O-O-O Nb8c6
10.f4 O-O
11.g4 h6
12.Bg5h4 Nc6xd4
13.Qd2xd4 Ra8c8
14.e5 dxe5
15.Qd4xe5 Rc8c5
 { time }
0-1

[Event "Tourn. n9189"]
[Site "www.chess-mail.com"]
[Date "2017.01.23"]
[Round "1"]
[White "Vaido12"]
[Black "Picifarkinca"]
[WhiteElo "1599"]
[BlackElo "1780"]
[Result "1-0"]
[Round "1"]
1.e4 e6
2.d4 d5
3.Nb1d2 c5
4.Ng1f3 Nb8c6
5.exd5 exd5
6.Bf1b5 Qd8e7
7.Bb5e2 cxd4
8.Nd2b3 Bc8g4
9.O-O O-O-O
10.Nb3xd4 Nc6xd4
11.Qd1xd4 Ng8f6
12.Bc1e3 b6
13.Be2a6 Kb8
14.Nf3e5 Bg4d7
15.Rf1e1 Rh8g8
16.Qd4c3 Nf6e4
17.Ne5c6 Bd7xc6
18.Be3f4 Rd8d6
19.Qc3xc6 Qe7c7
20.Qc6e8 { resign }
1-0

[Event "Tourn. n9097"]
[Site "www.chess-mail.com"]
[Date "2017.01.23"]
[Round "1"]
[White "Aperturaf"]
[Black "Ejner"]
[WhiteElo "2350"]
[BlackElo "2410"]
[Result "1-0"]
[Round "1"]
1.e4 e6
2.d4 d5
3.Bf1d3 dxe4
4.Bd3xe4 Ng8f6
5.Be4f3 c5
6.Ng1e2 Nb8c6
7.Bc1e3 cxd4
8.Ne2xd4 Nc6e5
9.Nb1c3 a6
10.Qd1e2 Ne5xf3
11.Nd4xf3 b5
12.Be3d4 Bf8e7
13.O-O-O Qd8c7
14.Bd4e5 Qc7b6
15.Nc3e4 Bc8b7
16.Ne4d6 Be7xd6
17.Rd1xd6 Qb6c5
18.Rh1d1 Ra8c8
19.Rd6d4 Nf6d5
20.Nf3g5 O-O
21.Qe2d3 g6
22.Ng5xh7 { resign }
1-0

[Event "Tourn. n9066"]
[Site "www.chess-mail.com"]
[Date "2017.01.23"]
[Round "1"]
[White "Maciekkam"]
[Black "Ejner"]
[WhiteElo "2280"]
[BlackElo "2440"]
[Result "0-1"]
[Round "1"]
1.e4 c5
2.Ng1f3 e6
3.d3 Nb8c6
4.g3 g6
5.Bc1g5 f6
6.Bg5d2 d5
7.Bf1g2 Bf8g7
8.O-O Ng8e7
9.exd5 exd5
10.Rf1e1 O-O
11.Nb1c3 d4
12.Nc3e4 b6
13.a4 h6
14.a5 f5
15.Ne4g5 hxg5
16.Bd2xg5 Bg7f6
17.Bg5xf6 Rf8xf6
18.Nf3e5 Ra8b8
19.axb6 Rb8xb6
20.Ne5xc6 Ne7xc6
21.b3 Rb6a6
22.Ra1xa6 Bc8xa6
23.Qd1a1 Nc6e7
24.Qa1a4 Kf7
 { time }
0-1

[Event "Tourn. n9122"]
[Site "www.chess-mail.com"]
[Date "2017.01.23"]
[Round "1"]
[White "Hansen"]
[Black "Coolant"]
[WhiteElo "1630"]
[BlackElo "1499"]
[Result "0-1"]
[Round "1"]
1.e4 Nb8c6
2.Bf1b5 Nc6d4
3.Bb5a4 c5
4.c3 Nd4c6
5.Ng1f3 Ra8b8
6.c4 a6
7.g4 b5
8.Ba4b3 d6
9.g5 Bc8g4
10.h3 Bg4xf3
11.Qd1xf3 Nc6d4
12.Qf3f4 e5
13.Qf4e3 Bf8e7
14.Rh1g1 bxc4
15.Bb3xc4 Nd4c2
16.Kd1 Nc2xe3
17.dxe3 Be7xg5
18.Bc4xa6 Bg5h4
19.Rg1xg7 Bh4xf2
20.Nb1c3 Ng8e7
21.a3 Kf8
22.Rg7g2 Bf2h4
23.Ba6c4 Qd8d7
24.b4 Qd7xh3
25.Bc4f1 Qh3h1
26.Ke2 cxb4
27.Nc3a4 f5
28.axb4 fxe4
29.Na4c3 Kf7
30.Nc3xe4 Rh8g8
31.Ne4xd6 Ke6
32.Ra1a6 Rg8xg2
33.Kd3 Qh1xf1
34.Ke4 Rb8xb4
35.Nd6c4 Kf7
36.Bc1a3 Qf1f5
{ resign }
0-1

[Event "Tourn. n9113"]
[Site "www.chess-mail.com"]
[Date "2017.01.23"]
[Round "1"]
[White "Redapond1"]
[Black "Fred"]
[WhiteElo "2079"]
[BlackElo "2000"]
[Result "0-1"]
[Round "1"]
1.d4 e6
2.Bc1f4 Bf8d6
3.Bf4xd6 cxd6
4.Nb1c3 Ng8f6
5.Ng1f3 b6
6.e3 Bc8b7
7.Bf1d3 Nb8c6
8.O-O h6
9.e4 O-O
10.d5 Nc6e5
11.dxe6 dxe6
12.Nf3xe5 dxe5
13.Bd3c4 Qd8xd1
14.Ra1xd1 Nf6xe4
15.Nc3xe4 Bb7xe4
16.Rd1e1 Be4xc2
17.Re1xe5 Ra8c8
18.b3 Bc2f5
19.Rf1c1 Kh7
20.h3 a6
21.Rc1d1 b5
22.Bc4d3 Bf5xd3
23.Rd1xd3 Rc8c2
24.Rd3d6 Rc2xa2
25.Re5e3 { time. }
0-1

[Event "Tourn. n9138"]
[Site "www.chess-mail.com"]
[Date "2017.01.23"]
[Round "1"]
[White "Ejner"]
[Black "Numanoid"]
[WhiteElo "2380"]
[BlackElo "2400"]
[Result "1/2-1/2"]
[Round "1"]
1.d4 Ng8f6
2.c4 e6
3.Ng1f3 d5
4.Nb1c3 c5
5.cxd5 Nf6xd5
6.g3 Nb8c6
7.Bf1g2 Bf8e7
8.O-O O-O
9.Ra1b1 h6
10.e4 cxd4
11.Nc3xd5 exd5
12.Nf3xd4 dxe4
13.Nd4xc6 bxc6
14.Qd1a4 f5
15.Qa4xc6 Qd8d7
16.Qc6xd7 Bc8xd7
{ draw }
1/2-1/2

[Event "Tourn. n9133"]
[Site "www.chess-mail.com"]
[Date "2017.01.23"]
[Round "1"]
[White "Luban"]
[Black "Genius3"]
[WhiteElo "2060"]
[BlackElo "1850"]
[Result "1-0"]
[Round "1"]
1.d4 d5
2.Ng1f3 e6
3.e3 Ng8f6
4.a3 c5
5.c4 Nb8c6
6.Nb1c3 Bf8e7
7.Bf1d3 dxc4
8.Bd3xc4 cxd4
9.exd4 a6
10.O-O O-O
11.h3 b5
12.Bc4d3 Bc8b7
13.Bc1e3 Ra8c8
14.Ra1c1 h6
15.Nc3e4 Nc6a5
16.b4 Rc8xc1
17.Qd1xc1 Nf6xe4
18.Bd3xe4 Bb7xe4
19.bxa5 Qd8xa5
20.Nf3d2 Be4b7
21.Nd2b1 b4
22.axb4 Qa5xb4
23.Qc1c7 Bb7d5
24.Nb1c3 Qb4b7
25.Nc3xd5 Qb7xd5
26.Qc7xe7 { resign }
1-0

[Event "Tourn. n9152"]
[Site "www.chess-mail.com"]
[Date "2017.01.23"]
[Round "1"]
[White "Estonia"]
[Black "Actmy"]
[WhiteElo "2090"]
[BlackElo "1909"]
[Result "0-1"]
[Round "1"]
1.e4 e5
2.f4 exf4
3.Ng1f3 d6
4.Bf1c4 h6
5.d4 g5
6.O-O Bf8g7
7.e5 g4
8.Bc1xf4 d5
9.Bc4d3 gxf3
10.Qd1xf3 Bc8e6
11.Nb1a3 Nb8c6
12.c3 Qd8d7
13.Ra1c1 O-O-O
14.b4 Kb8
15.Bd3b5 h5
16.Bf4g5 Rd8f8
17.Na3c2 Nc6xe5
18.Bb5xd7 Ne5xf3
19.Rf1xf3 Be6xd7
20.Rc1f1 f6
21.Bg5h4 Rf8e8
22.Rf3e3 Re8e4
23.g3 Bg7h6
24.Re3xe4 dxe4
25.Bh4xf6 Ng8xf6
26.Rf1xf6 Bh6d2
27.Kg2 e3
28.Nc2xe3 Bd2xe3
29.Kf3 Be3d2
{ resign }
0-1

[Event "Tourn. n9113"]
[Site "www.chess-mail.com"]
[Date "2017.01.23"]
[Round "1"]
[White "Redapond1"]
[Black "Xkafi"]
[WhiteElo "2079"]
[BlackElo "1940"]
[Result "0-1"]
[Round "1"]
1.d4 d5
2.Bc1f4 Bc8f5
3.e3 e6
4.Nb1c3 Bf8b4
5.Bf1d3 Ng8e7
6.Ng1f3 f6
7.O-O h5
8.Bd3xf5 Ne7xf5
9.Nc3b5 Nb8a6
10.c3 Bb4a5
11.b4 Ba5b6
12.a4 c6
13.Nb5d6 Nf5xd6
14.Bf4xd6 Qd8xd6
15.b5 cxb5
16.axb5 Na6c7
17.Ra1b1 { time. }
0-1

[Event "Match"]
[Site "www.echecsemail.com"]
[Date "2017.01.23"]
[Round "1"]
[White "Babedad"]
[Black "Jobeye"]
[WhiteElo "2280"]
[BlackElo "2010"]
[Result "1-0"]
[Round "1"]
1.c4 e6
2.Nb1c3 Nb8c6
3.g3 d6
4.Bf1g2 Bc8d7
5.b3 Bf8e7
6.Ng1f3 Nc6b4
7.a3 Nb4c6
8.Bc1b2 Ng8f6
9.d4 O-O
10.O-O b6
11.Qd1c2  { time }
1-0

[Event "Match"]
[Site "www.echecsemail.com"]
[Date "2017.01.23"]
[Round "1"]
[White "Cal"]
[Black "Momahony"]
[WhiteElo "1480"]
[BlackElo "1699"]
[Result "0-1"]
[Round "1"]
1.c4 b6
2.Nb1c3 e6
3.e4 Bc8b7
4.Ng1f3 c5
5.d3 d6
6.a3 Bf8e7
7.Bf1e2 Ng8f6
8.h3 Nb8c6
9.O-O O-O
10.Bc1g5 a6
11.b3 Qd8c7
12.Nf3h4 Nc6d4
13.b4 Nf6xe4
14.Nc3xe4 Bb7xe4
15.dxe4 Be7xg5
16.Nh4f3 Bg5f6
17.bxc5 Nd4xe2
18.Qd1xe2 Bf6xa1
19.Rf1xa1 Qc7xc5
20.a4 Rf8c8
21.Ra1c1 b5
22.axb5 axb5
23.Nf3d2 Ra8a2
24.Qe2d3 Rc8a8
25.cxb5 Qc5xc1
26.Nd2f1 Ra2a1
27.g3 h6
28.Kg2 Ra8b8
29.f4 Ra1b1
30.f5 Rb8xb5
31.Nf1d2 Rb5b2
32.Kf3 Rb2xd2
33.Qd3e3 Qc1d1
34.Kf4 e5
{ resign }
0-1

[Event "Match"]
[Site "www.echecsemail.com"]
[Date "2017.01.23"]
[Round "1"]
[White "Llord"]
[Black "Pdebonis"]
[WhiteElo "1960"]
[BlackElo "2209"]
[Result "0-1"]
[Round "1"]
1.e4 c5
2.Ng1f3 Nb8c6
3.Bf1c4 Ng8f6
4.Nb1c3 e6
5.O-O d5
6.exd5 exd5
7.Rf1e1 Bf8e7
8.Bc4b5 O-O
9.d3 Nc6d4
10.Nf3xd4 cxd4
11.Nc3e2 Qd8a5
12.c4 Be7b4
13.Re1f1 a6
14.Bb5a4 dxc4
15.dxc4 d3
16.Ne2d4 d2
17.Nd4b3 dxc1Q
18.Nb3xc1 Rf8d8
19.Qd1c2 Bc8f5
20.Qc2xf5 Qa5xf5
{ resign }
0-1

[Event "Match"]
[Site "www.echecsemail.com"]
[Date "2017.01.23"]
[Round "1"]
[White "Raulazo"]
[Black "Pariolinius"]
[WhiteElo "1830"]
[BlackElo "1900"]
[Result "0-1"]
[Round "1"]
1.c4 Ng8f6
2.Nb1c3 g6
3.e4 e5
4.Ng1f3 d6
5.d4 Nb8d7
6.d5 Bf8g7
7.b4 a6
8.Bc1g5 O-O
9.Bf1e2 h6
10.Bg5xf6 Nd7xf6
11.h3 Nf6h5
12.Nf3d2 Nh5f4
13.O-O Qd8g5
14.g3 Bc8xh3
15.Nd2f3 Nf4xe2
16.Qd1xe2 Qg5f6
17.Rf1b1 Bh3g4
18.Kg2 h5
19.Rb1h1 Bg7h6
20.Qe2d3 Qf6e7
21.Nf3h2 Bg4d7
22.Nh2f3 f5
23.Nf3h4 Rf8f6
24.a4 f4
25.Nc3e2 Ra8f8
26.Nh4f5 gxf5
27.Rh1xh5 fxe4
28.Qd3xe4 f3
29.Kg1 fxe2
30.Qe4xe2 Qe7g7
31.c5 Rf6xf2
32.Qe2d3 Rf8f3
33.Qd3e4 Qg7xg3
34.Kh1 Qg3g2
{ resign }
0-1

[Event "Match"]
[Site "www.echecsemail.com"]
[Date "2017.01.23"]
[Round "1"]
[White "Raulazo"]
[Black "Billyg"]
[WhiteElo "1830"]
[BlackElo "1680"]
[Result "1-0"]
[Round "1"]
1.c4 e6
2.Nb1c3 d5
3.cxd5 exd5
4.d4 Bf8b4
5.Qd1a4 Nb8c6
6.Bc1d2 Bb4xc3
7.bxc3 Bc8d7
8.Qa4b3 Bd7c8
9.Ng1f3 f6
10.h3 Ng8e7
11.c4 dxc4
12.Qb3xc4 Ne7d5
13.e4 Nd5e7
14.a4 Qd8d6
15.Bf1d3 Ne7g6
16.g3 Qd6e7
17.O-O Bc8d7
18.d5 Nc6e5
19.Nf3xe5 Qe7xe5
20.f4 Qe5b2
21.Bd2c3 Qb2b6
22.Bc3d4 Qb6d6
23.Bd4c5 Qd6a6
24.Qc4c3 b5
25.axb5 Qa6b7
26.f5 Ng6e5
27.Bd3e2 Bd7xb5
28.Qc3b4 Ra8b8
29.Be2xb5 c6
30.Bc5xa7 Qb7xb5
31.Qb4d6 Qb5b3
32.Qd6e6 Kf8
33.Qe6d6 Ke8
34.Qd6e6 Kd8
35.Ba7xb8 Ne5d7
36.Ra1a8 Qb3e3
37.Rf1f2 Qe3c5
38.Bb8d6 { resign }
1-0

[Event "Match"]
[Site "www.echecsemail.com"]
[Date "2017.01.23"]
[Round "1"]
[White "Krystek23"]
[Black "Yoj"]
[WhiteElo "2350"]
[BlackElo "1809"]
[Result "1-0"]
[Round "1"]
1.c4 g6
2.Nb1c3 Bf8g7
3.Ng1f3 e6
4.d4 b6
5.e4 Qd8e7
6.Bc1f4 d6
7.Qd1a4 Bc8d7
8.Qa4c2 f5
9.exf5 exf5
10.Bf1e2 Nb8c6
11.Nc3d5 Qe7d8
12.O-O Bg7xd4
13.Ra1d1 Bd4g7
14.c5 bxc5
15.Rf1e1 Ng8e7
16.Be2b5 O-O
17.Bf4g5 Rf8e8
18.Bb5xc6 Bd7xc6
19.Nd5xe7 Re8xe7
20.Re1xe7 Qd8f8
21.Re7xc7 Bc6e4
22.Qc2a4 Bg7xb2
23.Qa4b3 d5
24.Qb3xb2 Ra8b8
25.Qb2c3 d4
26.Qc3c4 Kh8
27.Qc4e6 { resign }
1-0

[Event "Match"]
[Site "www.echecsemail.com"]
[Date "2017.01.23"]
[Round "1"]
[White "Sonny1000"]
[Black "Billyg"]
[WhiteElo "1290"]
[BlackElo "1650"]
[Result "0-1"]
[Round "1"]
1.d4 d6
2.d5 h6
3.c3 e5
4.e4 Bc8d7
5.b4 c5
6.bxc5 dxc5
7.Ng1f3 Ng8f6
8.Bf1c4 Nf6xe4
9.h4 Bf8e7
10.Nf3xe5 Be7xh4
11.Qd1h5 Bh4xf2
12.Ke2 Ne4g3
{ resign }
0-1

[Event "Match"]
[Site "www.echecsemail.com"]
[Date "2017.01.23"]
[Round "1"]
[White "Iko"]
[Black "Winston"]
[WhiteElo "1720"]
[BlackElo "1199"]
[Result "0-1"]
[Round "1"]
1.e4 e6
2.e5 d6
3.f4 dxe5
4.fxe5 Nb8c6
5.Ng1f3 Bf8c5
6.Bf1b5 Ng8e7
7.d3 Bc8d7
8.d4 Bc5b4
9.c3 Bb4a5
10.O-O Ne7d5
11.Qd1a4 Ba5b6
12.c4 Nd5e7
13.Bc1g5 Nc6xd4
14.Nf3xd4 Bb6xd4
15.Kh1 c6
16.Qa4d1 Bd4xb2
17.Nb1d2 Bb2xa1
18.Qd1xa1 cxb5
19.Qa1b2 Qd8b6
20.Qb2b4 Ne7c6
21.Qb4d6 Qb6d4
22.Qd6xd4 Nc6xd4
23.Rf1d1 Bd7c6
24.Nd2b3 Nd4xb3
25.axb3 bxc4
26.bxc4 O-O
27.Bg5e7 Rf8c8
28.Rd1d4 Rc8c7
29.Be7d6 Rc7d7
30.c5 a5
31.Rd4d3 Ra8a6
32.h4 b5
33.cxb6 Ra6xb6
34.Bd6c5 Rb6b1
35.Bc5g1 Rd7xd3
36.h5 h6
37.Kh2 Rb1xg1
38.Kxg1 a4
39.g4 a3
40.g5 a2
41.gxh6 a1Q
42.Kf2 Qa1b2
43.Ke1 Rd3a3
44.Kd1 Ra3a1

0-1

[Event "Match"]
[Site "www.echecsemail.com"]
[Date "2017.01.23"]
[Round "1"]
[White "Fangshuo"]
[Black "Yoj"]
[WhiteElo "2030"]
[BlackElo "2150"]
[Result "0-1"]
[Round "1"]
1.e4 e6
2.Ng1f3 b6
3.Bf1b5 Bc8b7
4.d3 a6
5.Bb5a4 g6
6.Nb1c3 c5
7.a3 b5
8.Ba4b3 Bf8g7
9.Nc3e2 Nb8c6
10.Ne2g3 Ng8e7
11.h4 Qd8c7
12.h5 Nc6e5
13.h6 Bg7f6
14.Bc1g5 Ne5xf3
15.Qd1xf3 Bf6xg5
16.Qf3g4 Qc7a5
17.c3 Bg5f6
18.Ng3e2 b4
19.O-O bxc3
20.bxc3 Bf6xc3
21.Ra1c1 Bc3b2
22.Rc1c4 Qa5xa3
23.Bb3c2 Bb7c6
24.e5 Bb2xe5
25.d4 Be5xd4
26.Ne2xd4 Bc6b5
27.Qg4e4 d5
28.Qe4e5 Rh8g8
29.Nd4xb5 axb5
30.Rc4f4 c4
31.Qe5f6 Kd7
32.Rf4f3 Qa3d6
33.Rf1a1 Ra8xa1
34.Qf6xa1 Ne7f5
35.Bc2xf5 gxf5
36.Rf3g3 Rg8xg3
37.fxg3 Qd6xg3
38.Qa1g7 Qg3e1
39.Kh2 Qe1h4
40.Kg1 d4
41.Qg7xf7 Qh4e7
42.Qf7g7 d3
43.Qg7d4 Kc6
{ resign }
0-1

[Event "Tourn. n9152"]
[Site "www.chess-mail.com"]
[Date "2017.01.24"]
[Round "1"]
[White "Estonia"]
[Black "Pariolinius"]
[WhiteElo "2070"]
[BlackElo "1910"]
[Result "1-0"]
[Round "1"]
1.Ng1f3 Ng8f6
2.c4 g6
3.Nb1c3 Bf8g7
4.d4 d6
5.e4 Nb8d7
6.Bf1e2 O-O
7.Bc1d2 c5
8.d5 a6
9.O-O Rf8e8
10.Qd1c1 Nd7b6
11.Bd2h6 Nb6d7
12.Be2d3 Nf6g4
13.Bh6xg7 Kxg7
14.h3 Ng4e5
15.Nf3xe5 Nd7xe5
16.Qc1e3 Ne5xd3
17.Qe3xd3 e5
18.Ra1e1 Bc8d7
19.f4 Ra8b8
20.fxe5 Re8xe5
21.Qd3f3 Qd8f8
22.Qf3f6 Kg8
23.Rf1f4 Qf8g7
24.Qf6xd6 Rb8e8
25.Qd6xd7 Re5e7
26.Qd7g4 Qg7d4
27.Kh1 Qd4d2
28.Re1e2 Qd2c1
29.Kh2 h5
30.Qg4f3 Re8f8
31.g4 h4
32.Qf3f1 Qc1xf1
33.Rf4xf1 Kg7
34.e5 Rf8e8
35.Rf1e1 b6
36.d6 Re7d7
37.Nc3d5 b5
38.b3 b4
39.Nd5f6 { resign }
1-0